[Event "RUS-chT (Women)"]
[Site "Sochi"]
[Date "2025.05.03"]
[Round "7.2"]
[White "Zeliantsova, Kseniya"]
[Black "Smirnova, Ekaterina"]
[Result "1-0"]
[WhiteElo "2044"]
[BlackElo "2134"]
[PlyCount "93"]
[EventDate "2025.04.26"]
[EventType "team-swiss"]
[EventRounds "9"]
[EventCountry "RUS"]
[SourceTitle "CB19_2025"]
[SourceDate "2025.05.07"]
[SourceVersion "1"]
[SourceVersionDate "2025.05.07"]
[SourceQuality "1"]
[WhiteTeam "Belarus (W)"]
[BlackTeam "Moscow Region (W)"]
[WhiteTeamCountry "BLR"]
[BlackTeamCountry "RUS"]

1. e4 e5 2. Nf3 Nc6 3. Bb5 Nge7 4. 0-0 Ng6 5. c3 d5 6. Qa4 dxe4 7. Bxc6+ bxc6 8. Qxc6+ Bd7 9. Qxe4 f5 10. Qe3 e4 11. d3 Be7 12. dxe4 fxe4 13. Qxe4 0-0 14. Be3 Rb8 15. b3 Rb5 16. Nbd2 Rh5 17. Rad1 Kh8 18. Rfe1 Qe8 19. Qc4 Qc8 20. Bxa7 Bg4 21. Re4 Bxf3 22. Nxf3 Rxf3 23. gxf3 Qh3 24. Rd8+ Bf8 25. Rg4 Qxh2+ 26. Kf1 Qh1+ 27. Ke2 Qb1 28. Rxg6 Qc2+ 29. Rd2 Qxg6 30. Be3 Bd6 31. Qg4 Qe8 32. Rd4 Ra5 33. a4 Ra8 34. Re4 Qf8 35. Qe6 c5 36. Bd2 Rb8 37. Qd7 Rd8 38. Qg4 Be7 39. Qe6 Bf6 40. a5 h6 41. a6 Ra8 42. Qc6 Rc8 43. Qb7 Rb8 44. Bf4 Rd8 45. a7 c4 46. b4 Bxc3 47. Qb8 1-0

[Event "RUS-chT (Women)"]
[Site "Sochi"]
[Date "2025.04.29"]
[Round "4.3"]
[White "Sinitsina, Anastassia"]
[Black "Zeliantsova, Kseniya"]
[Result "1-0"]
[WhiteElo "2228"]
[BlackElo "2044"]
[PlyCount "109"]
[EventDate "2025.04.26"]
[EventType "team-swiss"]
[EventRounds "9"]
[EventCountry "RUS"]
[SourceTitle "CB19_2025"]
[SourceDate "2025.05.07"]
[SourceVersion "1"]
[SourceVersionDate "2025.05.07"]
[SourceQuality "1"]
[WhiteTeam "St Petersburg SSHOR (W) II"]
[BlackTeam "Belarus (W)"]
[WhiteTeamCountry "RUS"]
[BlackTeamCountry "BLR"]

1. e4 c5 2. Nc3 Nc6 3. Bb5 Nd4 4. Nf3 Nxb5 5. Nxb5 a6 6. Nc3 d6 7. d4 cxd4 8. Qxd4 e5 9. Qd3 Nf6 10. Bg5 Be6 11. Bxf6 Qxf6 12. Nd5 Bxd5 13. Qxd5 Rb8 14. 0-0 Be7 15. Nd2 Qe6 16. Qb3 b5 17. Rfd1 0-0 18. Nf1 Qg6 19. Ng3 Rfd8 20. Rd3 Rbc8 21. Nf5 Bf8 22. Rg3 Qf6 23. Ne3 Qe6 24. c3 Rc5 25. Rd1 a5 26. Rd5 Rdc8 27. a4 bxa4 28. Qxa4 Rb8 29. Rxc5 dxc5 30. Qxa5 Rxb2 31. h3 g6 32. Qd8 Qd6 33. Qxd6 Bxd6 34. Nc4 Rb1+ 35. Kh2 Bf8 36. Rd3 f6 37. Ne3 Rb2 38. Kg3 Bh6 39. Rd8+ Kf7 40. Nd5 Bf4+ 41. Kf3 Bd2 42. Rd7+ Ke6 43. Re7+ Kd6 44. Rf7 f5 45. Rf6+ Kd7 46. exf5 gxf5 47. Rxf5 Be1 48. Ke4 Re2+ 49. Kd3 Rd2+ 50. Kc4 Rxf2 51. Rxe5 Bd2 52. Kxc5 h6 53. Re7+ Kd8 54. Rg7 Bg5 55. Kc6 1-0

[Event "RUS-chT (Women)"]
[Site "Sochi"]
[Date "2025.04.27"]
[Round "2.2"]
[White "Zeliantsova, Kseniya"]
[Black "Kirchei, Viktoriia"]
[Result "1/2-1/2"]
[WhiteElo "2044"]
[BlackElo "2058"]
[PlyCount "86"]
[EventDate "2025.04.26"]
[EventType "team-swiss"]
[EventRounds "9"]
[EventCountry "RUS"]
[SourceTitle "CB19_2025"]
[SourceDate "2025.05.07"]
[SourceVersion "1"]
[SourceVersionDate "2025.05.07"]
[SourceQuality "1"]
[WhiteTeam "Belarus (W)"]
[BlackTeam "Moscow ShSM (W)"]
[WhiteTeamCountry "BLR"]
[BlackTeamCountry "RUS"]

1. e4 d5 2. exd5 Nf6 3. Bb5+ Bd7 4. Bc4 Bg4 5. f3 Bc8 6. Nc3 a6 7. a4 Nbd7 8. Nge2 Nb6 9. Bb3 Nbxd5 10. Nxd5 Nxd5 11. d4 e6 12. 0-0 c5 13. c4 Nf6 14. Be3 Bd7 15. dxc5 Qc7 16. a5 Bxc5 17. Bxc5 Qxc5+ 18. Qd4 Qb4 19. Bc2 0-0 20. b3 Rac8 21. Rfd1 Rfd8 22. Nf4 Be8 23. Qe3 Rxd1+ 24. Rxd1 Qxa5 25. Nxe6 Bc6 26. Nd4 Re8 27. Nxc6 bxc6 28. Qf2 Qc3 29. g3 a5 30. Rd3 Qb4 31. Qd2 Qc5+ 32. Qf2 Qb4 33. Qd2 Qc5+ 34. Kg2 a4 35. bxa4 Qxc4 36. Rd8 g6 37. Rxe8+ Nxe8 38. a5 Nc7 39. Bxg6 hxg6 40. Qd8+ Kg7 41. Qxc7 Qc2+ 42. Kh3 Qf5+ 43. Kg2 Qc2+ 1/2-1/2

[Event "Wch U20 Girls 41st"]
[Site "Petrovac"]
[Date "2025.02.28"]
[Round "4"]
[White "Zeliantsova, Kseniya"]
[Black "Hernandez, Lexie Grace"]
[Result "1-0"]
[WhiteElo "1999"]
[BlackElo "1892"]
[PlyCount "91"]
[EventDate "2025.02.25"]
[EventType "swiss"]
[EventRounds "11"]
[EventCountry "MNE"]
[SourceTitle "CB11_2025"]
[SourceDate "2025.03.12"]
[SourceVersion "1"]
[SourceVersionDate "2025.03.12"]
[SourceQuality "1"]

1. e4 c6 2. Nc3 d5 3. Nf3 Bg4 4. h3 Bxf3 5. Qxf3 e6 6. d3 d4 7. Nb1 c5 8. g3 Nc6 9. Bg2 Bd6 10. 0-0 Nge7 11. Qe2 Qd7 12. Nd2 0-0 13. f4 f6 14. a4 Rae8 15. Nc4 Bc7 16. g4 b6 17. f5 a6 18. Bf4 Bxf4 19. Rxf4 b5 20. axb5 axb5 21. Nd2 Nb4 22. Nb3 exf5 23. gxf5 Ned5 24. Rf2 Qd6 25. Ra7 Ne3 26. c3 Nc6 27. Ra6 Ra8 28. e5 Qxe5 29. Rxc6 c4 30. cxd4 Qg3 31. dxc4 bxc4 32. Nd2 Ra1+ 33. Nf1 Qg5 34. Re6 Nxg2 35. Rxg2 Qxf5 36. Re7 g6 37. Qe6+ Qxe6 38. Rxe6 Rd8 39. Rd2 Kf7 40. Rc6 Rc1 41. Kf2 Rd5 42. Ne3 Rh5 43. d5 Rxh3 44. d6 f5 45. d7 f4 46. Ng2 1-0

[Event "Minsk Bronstein Memorial"]
[Site "Minsk"]
[Date "2025.02.15"]
[Round "4"]
[White "Zhigalko, Sergei"]
[Black "Zeliantsova, Kseniya"]
[Result "1-0"]
[WhiteElo "2572"]
[BlackElo "1999"]
[PlyCount "95"]
[EventDate "2025.02.15"]
[EventType "swiss (rapid)"]
[EventRounds "10"]
[EventCountry "BLR"]
[SourceTitle "CB09_2025"]
[SourceDate "2025.02.27"]
[SourceVersion "1"]
[SourceVersionDate "2025.02.27"]
[SourceQuality "1"]

1. e4 c5 2. Nf3 Nc6 3. c3 g6 4. d4 cxd4 5. cxd4 Bg7 6. Nc3 d6 7. h3 Nf6 8. d5 Nb8 9. Bc4 Nbd7 10. 0-0 0-0 11. Re1 a6 12. a4 Nc5 13. Bf4 Nfd7 14. Qc2 a5 15. Bb5 Qc7 16. Rac1 e5 17. dxe6 fxe6 18. Bg3 b6 19. Be2 Ne5 20. Nb5 Qe7 21. Rcd1 Bd7 22. Nxe5 dxe5 23. Bc4 Bxb5 24. Bxb5 Rad8 25. f3 Rxd1 26. Rxd1 Rd8 27. Bf2 Bh6 28. Bc4 Rd6 29. b3 Qd8 30. Rxd6 Qxd6 31. Kf1 Kf7 32. Ke2 Bf4 33. g3 Bh6 34. h4 Qd7 35. Qc3 Qd6 36. Bb5 Ke7 37. b4 axb4 38. Qxb4 Bf8 39. a5 Kf6 40. a6 Qd8 41. Be3 h6 42. Qd2 Qa8 43. Qa2 Nxe4 44. fxe4 Qxe4 45. Kf2 Qf5+ 46. Kg1 Qe4 47. Qf2+ Kg7 48. Bf1 1-0

[Event "Orsha op-A 23rd"]
[Site "Orsha"]
[Date "2025.02.08"]
[Round "8"]
[White "Strizhnev, Ivan"]
[Black "Zeliantsova, Kseniya"]
[Result "0-1"]
[WhiteElo "2010"]
[BlackElo "1999"]
[PlyCount "164"]
[EventDate "2025.02.03"]
[EventType "swiss"]
[EventRounds "9"]
[EventCountry "BLR"]
[SourceTitle "CB07_2025"]
[SourceDate "2025.02.12"]
[SourceVersion "1"]
[SourceVersionDate "2025.02.12"]
[SourceQuality "1"]

1. e4 d6 2. d4 Nf6 3. Nc3 g6 4. f4 Bg7 5. Nf3 0-0 6. Bd3 Nc6 7. e5 dxe5 8. fxe5 Nd5 9. Nxd5 Qxd5 10. c4 Qd8 11. Be3 Bg4 12. Be2 f6 13. e6 f5 14. d5 Bxf3 15. Bxf3 Ne5 16. Be2 f4 17. Bf2 c6 18. 0-0 Qd6 19. Rc1 f3 20. gxf3 Bh6 21. Rc3 Bf4 22. c5 Qxd5 23. Qxd5 cxd5 24. Rd1 Rfd8 25. Rb3 Rab8 26. Rb4 g5 27. Rbd4 Kg7 28. Rxd5 Rxd5 29. Rxd5 Kf6 30. Kg2 Kxe6 31. Rd4 Nc6 32. Bc4+ Kf5 33. Rd5+ Be5 34. Bb5 e6 35. Rd7 h5 36. b3 Nb4 37. Bc4 h4 38. h3 Kf6 39. a4 Nc6 40. Be3 Na5 41. Bd3 Nxb3 42. Rh7 Bf4 43. Rh6+ Ke5 44. Bf2 Rc8 45. Rh7 Nxc5 46. Bxc5 Rxc5 47. Rxb7 Rc3 48. Be2 Rc2 49. Kf2 a5 50. Rb1 Ra2 51. Rb5+ Kd4 52. Rxa5 Bg3+ 53. Kf1 Ke3 54. Ba6 Kxf3 55. Bb7+ Kf4 56. Bc8 e5 57. Bd7 Bf2 58. Rb5 Bd4 59. Rb8 e4 60. Rb4 Ra1+ 61. Ke2 Ra2+ 62. Kf1 Ke3 63. Rb3+ Kd2 64. Rb4 Kc3 65. Rb8 Rf2+ 66. Ke1 Rg2 67. Kf1 Rf2+ 68. Ke1 Ra2 69. Kf1 Kd3 70. Re8 Rf2+ 71. Ke1 e3 72. Bb5+ Kc2 73. Rc8+ Bc3+ 74. Rxc3+ Kxc3 75. Bd7 Ra2 76. Bc6 Kd3 77. Bb5+ Ke4 78. Bc6+ Kf4 79. Bd7 Kg3 80. Kf1 e2+ 81. Ke1 Kf3 82. Bg4+ Ke3 0-1

[Event "Orsha op-A 23rd"]
[Site "Orsha"]
[Date "2025.02.06"]
[Round "6"]
[White "Galakhanova, Evelina"]
[Black "Zeliantsova, Kseniya"]
[Result "0-1"]
[WhiteElo "1794"]
[BlackElo "1999"]
[PlyCount "110"]
[EventDate "2025.02.03"]
[EventType "swiss"]
[EventRounds "9"]
[EventCountry "BLR"]
[SourceTitle "CB07_2025"]
[SourceDate "2025.02.12"]
[SourceVersion "1"]
[SourceVersionDate "2025.02.12"]
[SourceQuality "1"]

1. d4 d6 2. Nf3 Nf6 3. c4 g6 4. Nc3 Bg7 5. e4 0-0 6. h3 c5 7. d5 e6 8. Bd3 Na6 9. 0-0 e5 10. Bg5 h6 11. Be3 Nh5 12. Qd2 g5 13. Nh2 Nf4 14. Be2 f5 15. exf5 Bxf5 16. Bg4 Bg6 17. g3 h5 18. Be6+ Kh8 19. f3 Nxe6 20. dxe6 Qe7 21. Nb5 Qxe6 22. Qxd6 Qf6 23. Qxf6 Bxf6 24. Rad1 b6 25. Nc3 Nb4 26. Ne4 Bxe4 27. fxe4 Nc2 28. Bc1 Nd4 29. Nf3 Kg7 30. Kg2 Kg6 31. g4 hxg4 32. hxg4 Rad8 33. Be3 a6 34. Rd2 b5 35. Rdf2 Ne6 36. cxb5 axb5 37. Rd2 Rxd2+ 38. Bxd2 Ra8 39. a3 Ra4 40. Re1 b4 41. axb4 cxb4 42. Kf2 Nc5 43. Re3 b3 44. Ke2 Nxe4 45. Rxb3 Nxd2 46. Kxd2 Rxg4 47. Rb6 Kf5 48. b4 Rg2+ 49. Ke3 g4 50. Ne1 Bg5+ 51. Kd3 Rd2+ 52. Kc3 Re2 53. Nd3 g3 54. Ra6 g2 55. Ra1 Be3 0-1

[Event "BLR-ch (Women) 91st"]
[Site "Minsk"]
[Date "2025.01.16"]
[Round "7"]
[White "Liavonava, Yuliya"]
[Black "Zeliantsova, Kseniya"]
[Result "0-1"]
[WhiteElo "2058"]
[BlackElo "1959"]
[PlyCount "48"]
[EventDate "2025.01.10"]
[EventType "tourn"]
[EventRounds "9"]
[EventCountry "BLR"]
[SourceTitle "CB04_2025"]
[SourceDate "2025.01.22"]
[SourceVersion "1"]
[SourceVersionDate "2025.01.22"]
[SourceQuality "1"]

1. c4 e5 2. Nc3 d6 3. g3 Nf6 4. Bg2 g6 5. e3 Bg7 6. Nge2 0-0 7. 0-0 c6 8. d4 Re8 9. b3 e4 10. d5 c5 11. Bb2 Bf5 12. h3 h5 13. f3 exf3 14. Rxf3 Ne4 15. Rf4 Nxc3 16. Bxc3 Bxc3 17. Nxc3 Rxe3 18. Ne2 Qe7 19. Rf2 Nd7 20. Kh2 Re8 21. Nf4 h4 22. g4 Be4 23. Bf1 Qe5 24. Qd2 Bf3 0-1

[Event "BLR-ch (Women) 91st"]
[Site "Minsk"]
[Date "2025.01.12"]
[Round "3"]
[White "Norman, Kseniya"]
[Black "Zeliantsova, Kseniya"]
[Result "0-1"]
[WhiteElo "1976"]
[BlackElo "1959"]
[PlyCount "116"]
[EventDate "2025.01.10"]
[EventType "tourn"]
[EventRounds "9"]
[EventCountry "BLR"]
[SourceTitle "CB04_2025"]
[SourceDate "2025.01.22"]
[SourceVersion "1"]
[SourceVersionDate "2025.01.22"]
[SourceQuality "1"]

1. d4 Nf6 2. c4 g6 3. g3 Bg7 4. Bg2 d6 5. Nf3 0-0 6. 0-0 Nbd7 7. Nc3 e5 8. e4 b6 9. Rb1 Bb7 10. d5 Nc5 11. Ne1 a5 12. Nd3 Nfd7 13. g4 f5 14. gxf5 gxf5 15. exf5 Qh4 16. Nxc5 Nxc5 17. Qf3 Qxc4 18. Be3 Qh4 19. Kh1 Ba6 20. Rg1 Bd3 21. Bh3 Bxb1 22. Qg2 Rf7 23. Rxb1 Kh8 24. Bg5 Qd4 25. Rd1 Nd3 26. Be3 Nf4 27. Qf3 Qb4 28. Rg1 Nxh3 29. Qxh3 Raf8 30. Qg2 Qh4 31. Bg5 Qh5 32. f6 Bh6 33. Bxh6 Qxh6 34. Ne4 Rxf6 35. Nxf6 Qxf6 36. b3 Qf3 37. Qxf3 Rxf3 38. Rc1 Rxf2 39. Rxc7 Rd2 40. Rc6 Rxd5 41. Rxb6 Kg7 42. Kg2 Kf6 43. Kf3 Kf5 44. Rb7 Rd3+ 45. Ke2 Rh3 46. Rf7+ Ke4 47. Rf2 Kd4 48. Kd2 e4 49. Rg2 d5 50. Kc2 Rc3+ 51. Kd1 e3 52. Rg5 Rd3+ 53. Ke1 Rd2 54. a3 Rxh2 55. b4 axb4 56. axb4 Rb2 57. Rh5 Rxb4 58. Rxh7 Kd3 0-1

[Event "RUS-chT Rapid (Women)"]
[Site "Sochi"]
[Date "2024.10.19"]
[Round "6.11"]
[White "Nasybullina, Dayana"]
[Black "Zeliantsova, Kseniya"]
[Result "1-0"]
[WhiteElo "1859"]
[BlackElo "1974"]
[PlyCount "111"]
[EventDate "2024.10.18"]
[EventType "team-swiss (rapid)"]
[EventRounds "9"]
[EventCountry "RUS"]
[SourceTitle "CB43_2024"]
[Source "Chessbase"]
[SourceDate "2024.10.23"]
[SourceVersion "1"]
[SourceVersionDate "2024.10.23"]
[SourceQuality "1"]
[WhiteTeam "St Petersburg Nepomnyaschego (W)"]
[BlackTeam "Belarus (W)"]
[WhiteTeamCountry "RUS"]
[BlackTeamCountry "BLR"]

1. c4 c5 2. Nc3 g6 3. g3 Bg7 4. Bg2 Nc6 5. a3 d6 6. d3 Nf6 7. e4 0-0 8. Nge2 a6 9. Rb1 Rb8 10. b4 cxb4 11. axb4 b5 12. cxb5 axb5 13. d4 Qb6 14. 0-0 e5 15. d5 Nd4 16. h3 Nxe2+ 17. Qxe2 Nh5 18. Be3 Qb7 19. Ra1 Bd7 20. Ra7 Qc8 21. Rc1 Bxh3 22. Nxb5 Qg4 23. Qxg4 Bxg4 24. Nxd6 Rxb4 25. f3 Nxg3 26. Kf2 Nxe4+ 27. Nxe4 Bf5 28. Nd6 Bd3 29. Rcc7 e4 30. Nxe4 Rb2+ 31. Nd2 Re8 32. Re7 Rd8 33. Kg3 Bc3 34. Ne4 Be1+ 35. Kh3 Bxe4 36. Rxe4 Rxd5 37. Ra8+ Kg7 38. Bd4+ Kh6 39. Be3+ Kg7 40. Bd4+ Kh6 41. Kh2 Rh5+ 42. Kg1 Rb1 43. Be3+ Kg7 44. Bf1 Bg3 45. Bd4+ Kh6 46. Rg8 Rg5 47. Rg4 Rxg4 48. fxg4 Kg5 49. Rg7 Kxg4 50. Rxf7 h5 51. Kg2 Rc1 52. Be2+ Kh4 53. Bf6+ g5 54. Rh7 Rg1+ 55. Kxg1 Bh2+ 56. Kf1 1-0

[Event "RUS-chT Rapid (Women)"]
[Site "Sochi"]
[Date "2024.10.18"]
[Round "4.7"]
[White "Zeliantsova, Kseniya"]
[Black "Getman, Tatyana"]
[Result "1/2-1/2"]
[WhiteElo "1974"]
[BlackElo "2212"]
[PlyCount "74"]
[EventDate "2024.10.18"]
[EventType "team-swiss (rapid)"]
[EventRounds "9"]
[EventCountry "RUS"]
[SourceTitle "CB43_2024"]
[Source "Chessbase"]
[SourceDate "2024.10.23"]
[SourceVersion "1"]
[SourceVersionDate "2024.10.23"]
[SourceQuality "1"]
[WhiteTeam "Belarus (W)"]
[BlackTeam "St Petersburg SSHOR (W)"]
[WhiteTeamCountry "BLR"]
[BlackTeamCountry "RUS"]

1. e4 c5 2. Nf3 d6 3. Bb5+ Nd7 4. a4 Ngf6 5. Nc3 g6 6. 0-0 Bg7 7. Re1 a6 8. Bf1 b6 9. d4 cxd4 10. Nxd4 Bb7 11. Bg5 0-0 12. Qd2 Rc8 13. Rad1 Re8 14. Nb3 Qc7 15. h3 Ne5 16. f4 Nc4 17. Bxc4 Qxc4 18. e5 dxe5 19. fxe5 Nh5 20. Qf2 Qc7 21. Rf1 Bxe5 22. Qxf7+ Kh8 23. Bh4 Bh2+ 24. Kh1 Rf8 25. Qe6 Ng3+ 26. Bxg3 Bxg3 27. Nd4 Be5 28. Qg4 Bxd4 29. Qxd4+ e5 30. Qb4 Rf4 31. Rxf4 exf4 32. Qd4+ Kg8 33. Rd3 f3 34. gxf3 Qg3 35. Ne4 Qxh3+ 36. Kg1 Bxe4 37. Qxe4 Qg3+ 1/2-1/2

[Event "RUS-ch Blitz (Women)"]
[Site "Sochi"]
[Date "2024.10.14"]
[Round "7"]
[White "Fominykh, Maria"]
[Black "Zeliantsova, Kseniya"]
[Result "0-1"]
[WhiteElo "2136"]
[BlackElo "1974"]
[PlyCount "62"]
[EventDate "2024.10.14"]
[EventType "swiss (blitz)"]
[EventRounds "13"]
[EventCountry "RUS"]
[SourceTitle "CB43_2024"]
[Source "Chessbase"]
[SourceDate "2024.10.23"]
[SourceVersion "1"]
[SourceVersionDate "2024.10.23"]
[SourceQuality "1"]

1. d4 Nf6 2. Nf3 g6 3. c4 d6 4. Nc3 Bg7 5. e4 0-0 6. h3 c5 7. Be3 cxd4 8. Nxd4 Nc6 9. Be2 Bd7 10. 0-0 Rc8 11. Qd2 a6 12. Rac1 Nxd4 13. Bxd4 Bc6 14. Qe3 e5 15. Bb6 Qe7 16. Rfd1 Nd7 17. Ba5 f5 18. Bb4 Nc5 19. exf5 gxf5 20. Rxd6 Qxd6 21. Bxc5 Qg6 22. Nd5 Bxd5 23. cxd5 Bh6 24. Qxe5 Rfe8 25. Qc3 Bxc1 26. d6 Rxe2 27. d7 Rd8 28. Qxc1 Rxd7 29. Qc4+ Qe6 30. Qh4 Rd1+ 31. Kh2 Qe5+ 0-1

[Event "RUS-ch Blitz (Women)"]
[Site "Sochi"]
[Date "2024.10.14"]
[Round "10"]
[White "Potapova, Margarita"]
[Black "Zeliantsova, Kseniya"]
[Result "0-1"]
[WhiteElo "2199"]
[BlackElo "1974"]
[PlyCount "114"]
[EventDate "2024.10.14"]
[EventType "swiss (blitz)"]
[EventRounds "13"]
[EventCountry "RUS"]
[SourceTitle "CB43_2024"]
[Source "Chessbase"]
[SourceDate "2024.10.23"]
[SourceVersion "1"]
[SourceVersionDate "2024.10.23"]
[SourceQuality "1"]

1. d4 Nf6 2. c4 g6 3. Nc3 d6 4. e4 Bg7 5. h3 0-0 6. Be3 c5 7. d5 e6 8. Nf3 e5 9. Be2 Na6 10. 0-0 Nc7 11. Ne1 a6 12. a4 Nfe8 13. Nd3 Bd7 14. a5 f5 15. exf5 gxf5 16. f4 e4 17. Nf2 Rb8 18. Na4 Bxa4 19. Rxa4 Bxb2 20. g4 Ng7 21. g5 b5 22. axb6 Rxb6 23. h4 Qb8 24. Qd2 Rb3 25. Nd1 Bd4 26. Bxd4 cxd4 27. Qxd4 Rg3+ 28. Kh2 Qb3 29. Nf2 Qxa4 30. Kxg3 Rb8 31. Qa7 Rb3+ 32. Kh2 Nge8 33. Bd1 Qxc4 34. Rg1 Rb2 35. g6 h6 36. Rg2 Qc1 37. Qd4 Qxf4+ 38. Kg1 Rb1 39. g7 Qe5 40. Qe3 f4 41. Qe1 Qd4 42. Kf1 e3 43. Ng4 Qd3+ 44. Kg1 Nxg7 45. Nxh6+ Kf8 46. Kh2 Rxd1 47. Qb4 Rd2 48. Qxf4+ Ke8 49. Qf7+ Kd8 50. Qg8+ Nge8 51. Qg5+ Kc8 52. Qg4+ Kb7 53. Qb4+ Nb5 54. Qf4 Rxg2+ 55. Kxg2 Qxd5+ 56. Kg1 e2 57. Qe3 Qc5 0-1

[Event "RUS-ch Blitz (Women)"]
[Site "Sochi"]
[Date "2024.10.14"]
[Round "3"]
[White "Preobrazhenskaya, Diana"]
[Black "Zeliantsova, Kseniya"]
[Result "0-1"]
[WhiteElo "2084"]
[BlackElo "1974"]
[PlyCount "112"]
[EventDate "2024.10.14"]
[EventType "swiss (blitz)"]
[EventRounds "13"]
[EventCountry "RUS"]
[SourceTitle "CB43_2024"]
[Source "Chessbase"]
[SourceDate "2024.10.23"]
[SourceVersion "1"]
[SourceVersionDate "2024.10.23"]
[SourceQuality "1"]

1. e4 c5 2. Nf3 a6 3. g3 Nc6 4. d4 cxd4 5. Nxd4 g6 6. Bg2 Bg7 7. Be3 Nf6 8. c4 d6 9. Nxc6 bxc6 10. Nc3 Qc7 11. h3 0-0 12. Qd2 Rb8 13. 0-0-0 Be6 14. b3 Qa5 15. Na4 Qc7 16. Bd4 c5 17. Bb2 Rb4 18. Nc3 Rfb8 19. Nd5 Nxd5 20. exd5 Bxb2+ 21. Kxb2 Bd7 22. Qc3 a5 23. Ka1 a4 24. Rb1 axb3 25. Rxb3 Rxb3 26. axb3 Ra8+ 27. Kb2 Qa7 28. Kc2 Bf5+ 29. Kd2 Qa2+ 30. Ke3 Rb8 31. b4 cxb4 32. Qd2 Qxc4 33. Rc1 Qb3+ 34. Ke2 Qa4 35. g4 Bd7 36. Ke1 b3 37. Qb2 Qb4+ 38. Kf1 Ra8 39. Rb1 Bb5+ 40. Kg1 Bc4 41. Qd4 Qc5 42. Qxc5 dxc5 43. Rb2 Ra2 44. Rb1 b2 45. Be4 Ra1 46. Kh2 Rxb1 47. Bxb1 Bxd5 48. Kg3 c4 49. Kf4 c3 50. Ke3 Ba2 51. Bc2 b1Q 52. Bxb1 Bxb1 53. Ke2 Be4 54. Kd1 Bg2 55. h4 Bf3+ 56. Kc2 Bxg4 0-1

[Event "World U20 Girls blitz op"]
[Site "Tashkent"]
[Date "2024.08.07"]
[Round "7"]
[White "Zeliantsova, Kseniya"]
[Black "Zhapova, Yana"]
[Result "0-1"]
[WhiteElo "1974"]
[BlackElo "2183"]
[PlyCount "68"]
[EventDate "2024.08.06"]
[EventType "swiss (blitz)"]
[EventRounds "9"]
[EventCountry "UZB"]
[SourceTitle "CBM 221 Extra"]
[Source "ChessBase"]
[SourceDate "2024.09.30"]
[SourceVersion "1"]
[SourceVersionDate "2024.09.30"]
[SourceQuality "1"]

1. e4 e5 2. Nf3 Nc6 3. Bc4 Bc5 4. c3 Nf6 5. d3 a6 6. a4 d6 7. 0-0 Ba7 8. h3 h6 9. Re1 g5 10. Nh2 Qe7 11. Be3 Bxe3 12. Rxe3 h5 13. Nd2 g4 14. h4 Nh7 15. g3 Nf8 16. f3 Rg8 17. fxg4 Bxg4 18. Nxg4 Rxg4 19. Qf3 0-0-0 20. Kf2 Ne6 21. Ke2 Ned4+ 22. cxd4 Nxd4+ 23. Kd1 Nxf3 24. Rxf3 f5 25. Rc1 f4 26. Nf1 Rf8 27. Ke2 Kb8 28. gxf4 Rfxf4 29. Ne3 Rxf3 30. Kxf3 Qxh4 31. Rf1 Rf4+ 32. Ke2 Qh2+ 33. Ke1 Qg3+ 34. Ke2 Rxf1 0-1

[Event "Kazan BRICS Games Blitz Team"]
[Site "Kazan"]
[Date "2024.06.21"]
[Round "9.3"]
[White "Nepando, Jolly"]
[Black "Zeliantsova, Kseniya"]
[Result "0-1"]
[WhiteElo "1642"]
[BlackElo "1962"]
[PlyCount "94"]
[EventDate "2024.06.21"]
[EventType "team-swiss (blitz)"]
[EventRounds "11"]
[EventCountry "RUS"]
[SourceTitle "CBM 220 Extra"]
[Source "ChessBase"]
[SourceDate "2024.07.31"]
[SourceVersion "1"]
[SourceVersionDate "2024.07.31"]
[SourceQuality "1"]
[WhiteTeam "Namibia"]
[BlackTeam "Belarus"]
[WhiteTeamCountry "NAM"]
[BlackTeamCountry "BLR"]

1. e4 d6 2. d4 Nf6 3. Nc3 g6 4. Nf3 Bg7 5. Bd2 0-0 6. Bd3 c5 7. 0-0 cxd4 8. Nxd4 Nxe4 9. Nxe4 Bxd4 10. c3 Bg7 11. Re1 Nc6 12. Qf3 d5 13. Ng3 e5 14. Bc2 Be6 15. b3 e4 16. Qe2 Ne5 17. c4 Nd3 18. Bxd3 exd3 19. Qxd3 Bxa1 20. Rxa1 dxc4 21. Qc3 f6 22. Bh6 Rf7 23. Ne4 Bf5 24. Ng3 Qd3 25. Qxc4 Qxc4 26. bxc4 Rc8 27. Rc1 Rfc7 28. Ne2 Rxc4 29. Rd1 Rc2 30. Nd4 Rxa2 31. Nxf5 gxf5 32. g3 Kf7 33. Rd7+ Kg6 34. Bf4 b5 35. Kg2 Rcc2 36. Be3 b4 37. Bxa7 b3 38. Rd8 Rxa7 39. Rg8+ Kf7 40. Rh8 Kg7 41. Rd8 b2 42. Rb8 Ra1 43. Rb7+ Kg6 44. Rb8 b1Q 45. Rg8+ Kf7 46. Rh8 Qf1+ 47. Kf3 Qxf2# 0-1

[Event "Kazan BRICS Games Blitz Team"]
[Site "Kazan"]
[Date "2024.06.21"]
[Round "2.3"]
[White "Zeliantsova, Kseniya"]
[Black "Gunina, Valentina"]
[Result "1-0"]
[WhiteElo "1962"]
[BlackElo "2435"]
[PlyCount "63"]
[EventDate "2024.06.21"]
[EventType "team-swiss (blitz)"]
[EventRounds "11"]
[EventCountry "RUS"]
[SourceTitle "CBM 220 Extra"]
[Source "ChessBase"]
[SourceDate "2024.07.31"]
[SourceVersion "1"]
[SourceVersionDate "2024.07.31"]
[SourceQuality "1"]
[WhiteTeam "Belarus"]
[BlackTeam "Russia"]
[WhiteTeamCountry "BLR"]
[BlackTeamCountry "RUS"]

1. e4 c5 2. Nf3 Nc6 3. Bb5 e6 4. c3 a6 5. Ba4 b5 6. Bc2 Bb7 7. 0-0 Nge7 8. d4 cxd4 9. Nxd4 Ng6 10. Be3 Be7 11. Nd2 0-0 12. a4 Nxd4 13. cxd4 b4 14. f4 f5 15. exf5 exf5 16. Bb3+ Kh8 17. Nf3 a5 18. Ne5 Nxe5 19. fxe5 d6 20. Qh5 dxe5 21. Rxf5 exd4 22. Rxf8+ Qxf8 23. Bc2 Qg8 24. Bxd4 Rd8 25. Bf2 Bf6 26. Qxa5 b3 27. Bf5 Bxb2 28. Bxh7 Bxa1 29. Bxg8 Kxg8 30. Qxd8+ Kh7 31. Qd3+ Kg8 32. Qxb3+ 1-0

[Event "Kazan BRICS Games Blitz Team"]
[Site "Kazan"]
[Date "2024.06.21"]
[Round "4.15"]
[White "Zeliantsova, Kseniya"]
[Black "Librelato, Kathie Goulart"]
[Result "1-0"]
[WhiteElo "1962"]
[BlackElo "2181"]
[PlyCount "43"]
[EventDate "2024.06.21"]
[EventType "team-swiss (blitz)"]
[EventRounds "11"]
[EventCountry "RUS"]
[SourceTitle "CBM 220 Extra"]
[Source "ChessBase"]
[SourceDate "2024.07.31"]
[SourceVersion "1"]
[SourceVersionDate "2024.07.31"]
[SourceQuality "1"]
[WhiteTeam "Belarus"]
[BlackTeam "Brazil"]
[WhiteTeamCountry "BLR"]
[BlackTeamCountry "BRA"]

1. e4 e5 2. Nf3 Nc6 3. Bb5 Nf6 4. d3 Bc5 5. c3 0-0 6. 0-0 d6 7. h3 h6 8. d4 Bb6 9. Re1 exd4 10. cxd4 a6 11. Ba4 Bd7 12. Nc3 Ne7 13. Bc2 Re8 14. e5 Nfd5 15. Nxd5 Nxd5 16. Qd3 g6 17. Bxh6 Nb4 18. Qd1 Nxc2 19. Qxc2 Bf5 20. Qc3 c5 21. dxc5 Bxc5 22. exd6 1-0

[Event "Kazan BRICS Games Rapid Team"]
[Site "Kazan"]
[Date "2024.06.20"]
[Round "9.7"]
[White "Zeliantsova, Kseniya"]
[Black "Ahmed, Najla"]
[Result "1-0"]
[WhiteElo "1962"]
[BlackElo "1564"]
[PlyCount "31"]
[EventDate "2024.06.20"]
[EventType "team-swiss (rapid)"]
[EventRounds "9"]
[EventCountry "RUS"]
[SourceTitle "CBM 220 Extra"]
[Source "ChessBase"]
[SourceDate "2024.07.31"]
[SourceVersion "1"]
[SourceVersionDate "2024.07.31"]
[SourceQuality "1"]
[WhiteTeam "Belarus"]
[BlackTeam "Bahrain"]
[WhiteTeamCountry "BLR"]
[BlackTeamCountry "BHN"]

1. e4 c6 2. d4 d5 3. Nd2 dxe4 4. Nxe4 Nd7 5. Nf3 Ngf6 6. Nxf6+ Nxf6 7. c3 e6 8. Bd3 Be7 9. 0-0 0-0 10. Bc2 h6 11. Bf4 c5 12. Be5 Qb6 13. Qd3 g6 14. Nh4 c4 15. Qg3 Nh5 16. Nxg6 1-0